| 000 | 02685cam a22006254i 4500 | ||
|---|---|---|---|
| 003 | PE-LiUPU | ||
| 005 | 20250822091817.0 | ||
| 008 | 161026s2017 nyu rb 001 0 eng | ||
| 010 | _a 2016048196 | ||
| 020 | _a162698218X | ||
| 020 | _a9781626982185 | ||
| 035 | _a(Sirsi) i9781626982185 | ||
| 035 | _a(OCoLC)961010388 | ||
| 040 |
_aDLC _bspa _erda _cDLC _dYDX _dOCLCO _dOCLCF _dOCLCQ _dKPS _dISS _dYDX _dOCLCO _dCHVBK _dOCLCO _dPE-LiUPU |
||
| 049 | _aPRUA | ||
| 050 | 0 | 0 |
_aBS680.E84 _bB49 2017 |
| 082 | 0 | 0 |
_a241.042 _bB5 _223 |
| 245 | 0 | 4 |
_aThe Bible and Catholic theological ethics / _ceditado por Yiu Sing Lúcás Chan, James F. Keenan, Ronaldo Zacharias. |
| 264 | 1 |
_aMaryknoll, New York : _bOrbis Books, _c[2017] |
|
| 300 |
_axi, 299 páginas ; _c24 centímetros |
||
| 336 |
_atext _2rdacontent |
||
| 337 |
_aunmediated _2rdamedia |
||
| 338 |
_avolume _2rdacarrier |
||
| 490 | 0 | _aCatholic theological ethics in the world church | |
| 504 | _aBibliografía al final de cada tema. | ||
| 504 | _aÍndice : páginas 291-299. | ||
| 505 | 0 | 0 |
_gPart I: _tFoundational concerns. _tDevelopments and challenges of biblical ethics for the global church -- _tThe Bible as source of moral wisdom -- _tThe role of cultural context -- _tRelating the Bible, ethics, and other disciplines -- _gPart II: _tPerspectives. _tOld Testament -- _tNew Testament -- _tFeminist perspectives -- _tLiberation theology -- _tConfucianism -- _gPart III: _tThe Bible and contemporary ethical issues. _tSocial issues -- _tGender and sexuality issues. |
| 526 | _aSEG42 | ||
| 526 | _aSEG41 | ||
| 526 | _aSEG40 | ||
| 526 | _aSEG39 | ||
| 526 | _aP94 | ||
| 526 | _aP87 | ||
| 526 | _aP86 | ||
| 526 | _aP85 | ||
| 526 | _aP77 | ||
| 526 | _aP76 | ||
| 526 | _aP35 | ||
| 610 | 2 | 0 |
_aCatholic Church _xDoctrines. |
| 610 | 0 |
_aIglesia Católica _xDoctrinas. _9508 |
|
| 650 | 0 |
_aChristian ethics _xCatholic authors. |
|
| 650 | 0 | _aEthics in the Bible. | |
| 650 | 0 |
_aÉtica cristiana _xAutores católicos. |
|
| 650 | 0 | _aEtica en la Biblia. | |
| 700 | 1 |
_aChan, Yiu Sing Lúcás, _d1968-2015, _eeditor. |
|
| 700 | 1 |
_aKeenan, James F., _eeditor. |
|
| 700 | 1 |
_aZacharias, Ronaldo, _eeditor. |
|
| 910 |
_adbm _bebj _cebj _d20171212 |
||
| 942 |
_2ddc _cBOOK |
||
| 949 |
_a241.042 B5 _wDEWEY _c1 _i77535 _lCATALOGING _mBUL _p30.97 _r0 _sY _tBOOK _u2017-12-12 _xPOSGRADO _PP85 _0DONACION _o.STAFF. Colección Teología. |
||
| 994 |
_aC0 _bPEPRU |
||
| 596 | _a1 | ||
| 999 |
_a241.042 B5 _wDEWEY _c26142 _i77535 _f2021-11-10 _g4 _lCCODEBUL1 _mBUL _p30.97 _r0 _sY _tBOOK _u2017-12-12 _xTEOLOGIA _PP85 _0DONACION _o.STAFF. Colección Teología. _d26142 |
||
| 980 |
_818226 _gJaime Vilcazán Jefe de Análisis Documental |
||